Modulation of Vascular Reactivity by Novel Synthetic Benzopyran Analogues in Rat Aortas

Elmentve itt :
Bibliográfiai részletek
Szerzők: Petruș Alexandra
Sturza Adrian
Utu Diana
Duicu Oana
Bedreag Ovidiu
Kiss Loránd
Baczkó István
Muntean Danina
Jost Norbert László
Dokumentumtípus: Cikk
Megjelent: 2016
Sorozat:REVISTA DE CHIMIE 67 No. 5
mtmt:3071272
Online Access:http://publicatio.bibl.u-szeged.hu/14351
LEADER 00930nab a2200277 i 4500
001 publ14351
005 20190114102521.0
008 190114s2016 hu o 0|| zxx d
022 |a 0034-7752 
024 7 |a 3071272  |2 mtmt 
040 |a SZTE Publicatio Repozitórium  |b hun 
041 |a zxx 
100 1 |a Petruș Alexandra 
245 1 0 |a Modulation of Vascular Reactivity by Novel Synthetic Benzopyran Analogues in Rat Aortas  |h [elektronikus dokumentum] /  |c  Petruș Alexandra 
260 |c 2016 
300 |a 908-910 
490 0 |a REVISTA DE CHIMIE  |v 67 No. 5 
700 0 1 |a Sturza Adrian  |e aut 
700 0 1 |a Utu Diana  |e aut 
700 0 1 |a Duicu Oana  |e aut 
700 0 1 |a Bedreag Ovidiu  |e aut 
700 0 1 |a Kiss Loránd  |e aut 
700 0 1 |a Baczkó István  |e aut 
700 0 1 |a Muntean Danina  |e aut 
700 0 1 |a Jost Norbert László  |e aut 
856 4 0 |u http://publicatio.bibl.u-szeged.hu/14351/1/PETRUS%20ALEXANDRA%205%2016.pdf  |z Dokumentum-elérés